| 000 | 00675nam a22002417a 4500 | ||
|---|---|---|---|
| 003 | UA-OsUOA | ||
| 001 | 37012 | ||
| 007 | ta | ||
| 008 | 20060221b un ||||| |||| 00| 0 ukr d | ||
| 100 | _aКарякин Ю. Ф. | ||
| 700 | _aПлимак Е. Г. | ||
| 090 |
_a82. 09 _bК 27 |
||
| 942 | _cBK | ||
| 040 |
_aUA-OsUOA _brus _cUA-OsUOA _dUA-OsUOA |
||
| 245 |
_aЗапретная мысль обретает свободу _b175 лет борьбы вокруг идейного наследия Радищева |
||
| 300 | _a304 с. | ||
| 955 | _a3 | ||
| 041 | _arus | ||
| 080 | _a82. 09 | ||
| 260 |
_aМ. _b" Наука" _c1966 |
||
| 650 | 7 | _2UDC | |
| 999 |
_c323232 _d323232 |
||